Statistics for Hamburg Quiz

Click here to take the quiz!

General Stats

  • This quiz has been taken 349 times
    (212 since last reset)
  • The average score is 11 of 15

Answer Stats

HintAnswer% Correct
Major riverElbe
93%
British band who played in Hamburg's clubs between 1960 and 1962The Beatles
90%
Weekly newspaper whose name means "The Time"Die Zeit
88%
Political magazine whose name means "The Mirror"Der Spiegel
85%
Chancellor who grew up in East GermanyAngela Merkel
81%
Most successful football teamHamburger SV
80%
An alliance between Lübeck and Hamburg was the basis for this merchant confederationHanse
79%
Yet another chancellor: the current one. He was Hamburg's mayor 2011-2018.Olaf Scholz
79%
This street is known for its clubs and its red-light milieuReeperbahn
76%
Hamburg (and not Amsterdam) is Europe's city with the highest number of these constructionsBridges
72%
Concert hall named for the riverElbphilharmonie
70%
Fashion designer with white hair, sunglasses, and black suit and black tie, who was born in HamburgKarl Lagerfeld
65%
The same street is situated in this districtSt. Pauli
64%
German Chancellor (1974-1982)Helmut Schmidt
62%
Classical (or rather romantic) composer and one of the "Three Bs"Johannes Brahms
45%

Score Distribution

Percentile by Number Answered

Percent of People with Each Score

Your Score History

You have not taken this quiz since the last reset